000 003010000a22001450004500
005 20120302065246.0
942 _cBOOK
100 _a Mehta, Bhavin R.
245 _a Chanakya Neeti
260 _aMumbai:Rahul Publication
300 _a61p
040 _aMar
365 _b15/-
650 _aSankeerna
999 _c364314
_d364311